| 000 | 00722nas a2200241 4500 | ||
|---|---|---|---|
| 001 | BR2012008958 | ||
| 003 | BR-BrBNA | ||
| 005 | 20231205121535.0 | ||
| 007 | ta | ||
| 008 | 230509b bl.|||p| |||| 00| 00por d | ||
| 040 |
_aBR-BrBNA _bpor _cBiblioteca Nacional de Agricultura |
||
| 041 | _a(Pt) | ||
| 072 | _aP06 | ||
| 100 | 1 | _aShikida, P.F.A. | |
| 100 | 1 | _aPerosa, B.B. | |
| 245 | 1 | _aÁcool combustível no Brasil e Path dependence | |
| 650 | _aÁCOOL | ||
| 650 | _aCRESCIMENTO | ||
| 650 | _aPRODUÇÃO VEGETAL | ||
| 773 | 0 |
_tRevista de Economia e Sociologia Rural (Brazil) _xISSN 0103-2003 _g(Apr-Jun 2012), v. 50(2) p. 243-262 _wBR2012008958 |
|
| 909 |
_a202311 _bLúcia _c55 _dLúcia Elande |
||
| 942 |
_2AGRIS _n0 _cANA |
||
| 999 |
_c224027 _d224027 |
||